000 00496nam a2200145Ia 4500
008 231129s2015||||xx |||||||||||||| ||spa||
020 _a978-958-775-202-1
040 _bspa
082 _a338.19861 Z24a
100 _aZambrano Pantoja Fabio
245 0 _aAlimentos para la ciudad: historia de la agricultura colombiana
260 _c2015
264 _aBogotá Colombia : Universidad Nacional de Colombia. Instituto de Estudios Urbanos - IEU
942 _2ddc
_cBKS
999 _c4786
_d4786